• 首页
  • 本馆介绍
  • 公告通知
  • 最新文献
  • 馆藏检索
  • 电子资源
  • 读者导购
  • 参考咨询
  • 我的图书馆
  • 登录
  • 详细信息显示
  • 放入我的书架
  • 预约/预借图书
  • 作者相关作品
  • 分类相关作品
  • 丛书相关作品
  • 出版社相关作品

书目信息

  • 表格格式
  • 工作单格式
  • 卡片格式
题名:
工团主义和社会主义
    
 
作者: 普列汉诺夫 著 ;王荫庭 译
分册:  
出版信息: 北京   人民出版社  1984
页数: 170页
开本: 20cm
丛书名:
单 册:
中图分类: D091.6 , B512.54
科图分类:
主题词: 工团主义 , 社会主义 , 哲学--欧洲
电子资源:
ISBN:
000 00793nam0 2200289 45
001 0184016947
005 20040423110458.6
010    @dCNY0.64
091    @a3001.1934
100    @a19951009d1984 kemy0chiy0121 ea
101 1  @achi@crus
102    @aCN@b110000
105    @ay z 000yy
106    @ar
200 10 @a工团主义和社会主义@Agong tuan zhu yi he she hui zhu yi@f(俄)普列汉诺夫著@g王荫庭译
210    @a北京@c人民出版社@d1984
215    @a170页@d20cm
606    @a工团主义
606    @a社会主义
606 0  @a哲学@x欧洲
690    @aD091.6@v3
690    @aB512.54@v3
701  1 @a普列汉诺夫@Apu lie han nuo fu@4著
702  0 @a王荫庭@Awang yin ting@4译
801  0 @aCN@b深圳图书馆@c20040423
801  2 @aCN@bNLC@c20040423
905    @f1@f1@b125536@b125535@dB512.54@e4
    
    工团主义和社会主义/(俄)普列汉诺夫著/王荫庭译.-北京:人民出版社,1984
    170页;20cm
    
    
    ISBN :CNY0.64
    
●
相关链接 在E读中查询图书 在五车中查询图书 在当当中查询图书 在豆瓣中查询图书


正题名:工团主义和社会主义     索取号:B512.54/4         预约/预借

序号 登录号 条形码 馆藏地/架位号 状态 备注
1 0125535   000518130   第一借阅区/ [索取号:B512.54/4] 在馆    
2 0125536   000577717   第一样本阅览室/ [索取号:B512.54/4] 在馆    
3 0125537   001765183   密集书库/ [索取号:B512.54/4] 在馆    
唐山师范学院图书馆 欢迎您!
大连网信软件有限公司© 版权所有